书目信息 |
| 题名: |
网络视频新闻中的话语政治
|
|
| 作者: | 张爱凤 著 | |
| 分册: | ||
| 出版信息: | 北京 中国广播电视出版社 2013 |
|
| 页数: | 274页 | |
| 开本: | 24cm | |
| 丛书名: | ||
| 单 册: | ||
| 中图分类: | G210.7 | |
| 科图分类: | ||
| 主题词: | 互联网络--媒体(新闻)--研究 | |
| 电子资源: | ||
| ISBN: | 978-7-5043-7011-2 | |
| 000 | 00940nam0 2200241 450 | |
| 001 | 339395 | |
| 005 | 20150608091302.45 | |
| 010 | @a978-7-5043-7011-2@dCNY48.00 | |
| 100 | @a20141016d2013 em y0chiy50 ea | |
| 101 | 0 | @achi |
| 102 | @aCN@b110000 | |
| 105 | @aa z 000yy | |
| 106 | @ar | |
| 200 | 1 | @a网络视频新闻中的话语政治@Awang luo shi pin xin wen zhong de hua yu zheng zhi@e基于文化研究的视角@f张爱凤著 |
| 210 | @a北京@c中国广播电视出版社@d2013 | |
| 215 | @a274页@c图@d24cm | |
| 300 | @a教育部人文社会科学研究青年项目资助 | |
| 330 | @a本书将新闻学理论分析、传播学实证研究、文化批判理论和意义阐释学联系起来, 在三个层面展开研究, 包括宏观层面的文化政治研究, 中观层面的网络视频新闻发展的实证研究, 微观层面的视频新闻网站和网络视频新闻事件的个案研究。 | |
| 606 | 0 | @a互联网络@x媒体(新闻)@x研究 |
| 690 | @aG210.7@v5 | |
| 701 | 0 | @a张爱凤@Azhang ai feng@c(传媒)@4著 |
| 801 | 0 | @aCN@b卓展宏图@c20150525 |
| 905 | @dG210.7@e623@f4 | |
| 网络视频新闻中的话语政治:基于文化研究的视角/张爱凤著.-北京:中国广播电视出版社,2013 |
| 274页:图;24cm |
| 教育部人文社会科学研究青年项目资助 |
| ISBN 978-7-5043-7011-2:CNY48.00 |
| 本书将新闻学理论分析、传播学实证研究、文化批判理论和意义阐释学联系起来, 在三个层面展开研究, 包括宏观层面的文化政治研究, 中观层面的网络视频新闻发展的实证研究, 微观层面的视频新闻网站和网络视频新闻事件的个案研究。 |
| ● |
| 相关链接 |
|
|
|
|
正题名:网络视频新闻中的话语政治
索取号:G210.7/623
 
预约/预借
| 序号 | 登录号 | 条形码 | 馆藏地/架位号 | 状态 | 备注 |
| 1 | 858041 | 208580418 | 第一样本阅览室/ [索取号:G210.7/623] | 在馆 | |
| 2 | 858042 | 208580427 | 第四借阅区/ [索取号:G210.7/623] | 在馆 | |
| 3 | 858043 | 208580436 | 第四借阅区/ [索取号:G210.7/623] | 在馆 | |
| 4 | 858044 | 208580445 | 第四借阅区/ [索取号:G210.7/623] | 在馆 |